000 00799nam a22002297a 4500
003 BPGM
008 260616e1999 mx co||g |||| 001 0 spa d
040 _bspa
041 _aspa
_hspa
082 0 4 _2000/008
110 _aGOBIERNO DEL ESTADO DE QUERÉTARO
245 _aEL HERALDO DE NAVIDAD 1999
_bTESTIMONIO DE LA TRADICIÓN
250 _aPRIMERA EDICIÓN
_b1999
260 _aMÉXICO
_bGOBIERNO DEL ESTADO DE QUERÉTARO
_c1999
300 _a200 páginas
_b32 cm x 22.2 cm
336 _2rdacontent
_atexto
_btxt
337 _2rdamedia
_asin mediación
_bn
338 _2rdacarrier
_avolumen
_bnc
505 _aincluye artículos sobre masonería, tradiciones del solsticio de invierno y reflexiones espirituales vinculadas con la época navideña
650 _2GENERALIDADES
942 _2ddc
_cCOLQ
999 _c68608
_d68608